| 000 | 00628cam a2200229 4500 | ||
|---|---|---|---|
| 001 | M98079 | ||
| 008 | 090401t1998 xxu||||| |||| 00| 0 eng d | ||
| 035 | _a(Sirsi) u92783 | ||
| 041 | _aeng | ||
| 050 | _a336.21095125 | ||
| 100 | _aWoodroffe, B.J.C. | ||
| 245 | 4 | _aThe history of rates in Hong Kong: a brief historical review covering rates over 150 years in Hong Kong. | |
| 260 |
_aHong Kong _bRating and Valuation Department _c1998 |
||
| 300 | _a88p. ; 21cm. | ||
| 350 | _a0 | ||
| 650 | _aHONG KONG | ||
| 650 | _aRATES | ||
| 650 | _aRATINGS | ||
| 690 | _aRATING AND VALUATION | ||
| 942 | _n0 | ||
| 948 | _c16/04/1999 | ||
| 999 |
_c97784 _d97784 |
||